000 00685nam a2200217Ia 4500
001 16037
003 GE_BSU
008 181216s||||||||xx |||||||||||||| ||und||
040 _cGE_BSU
080 _a821.353.1-1
100 _aჯავახაძე, ვახტანგ
245 _aწინადღეს
245 _bლექსები
245 _cრედ.დ.ციგროშვილი. მხ.დ. დუნდუა
260 _aთბილისი
260 _bსაბჭოთა საქართველო
260 _c1971
300 _a230გვ. : 1 ფ. პორტრ. ; 18სმ.
653 _aწინადღეს
942 _cBK
999 _c49127
_d49127